000 00569nam a2200229Ia 4500
003 OSt
005 20220924143315.0
006 a|||||r|||| 00| 0
007 ta
008 220923b |||||||| |||| 00| 0 urd d
024 _a307688
037 _cTextual
040 _aARTS
_cARTS
_burd
041 _2urd
_aurd
082 _aO168,1M31x, B4
100 _aDehlvi Daagh
_9215367
245 0 _aFariyaad-e-daagh
260 _c1884
650 _aURDU LITERATURE
942 _hO168,1M31x, B4
_cTEXL
_2CC
999 _c454011
_d454011